000
00318nam a22001337a 4500
008
180216b xxu||||| |||| 00| 0 eng d
020
_a
9781890871871
041
_a
eng
080
_2
10th
_a
070
100
_a
40
101
_a
MED
245
_a
Video production disciplines and techniques
_c
Gross,L.S
942
_2
udc
_c
BK
999
_c
42788
_d
42788